000 00650nam a2200169 i 4500
001 149257
003 ES-MaACL
005 20230906203021.0
007 t|
008 071019s1905 ve ||||1| spa d
100 1 _aVeloz Goiticoa, N.
_9113863
245 1 0 _aVenezuela
_b: esbozo geográfico, recursos naturales, legislación, condiciones económicas, desarrollo alcanzado, prospecto de futuro, desenvolvimiento /
_ceditado y compilado por N. Veloz Goiticoa.
260 _aCaracas :
_b[s.n.],
_c1905 (
_fImp. Bolívar)
300 _a36 h. de lám., VIII, 695 p. ;
_c24 cm.
651 4 _aVenezuela-
_xDescripción.
_99517
852 _aES-MaACL
_jG-8706
999 _c149257
_d149257